| 000 | 00955nam a2200229 i 4500 | ||
|---|---|---|---|
| 005 | 20160213020002.0 | ||
| 008 | 981021s1997 ck abd frb 000 0 spa d | ||
| 040 |
_aIBT _cIBT _dDLC _dCO-BoIAVH |
||
| 041 | _aspa | ||
| 044 | _ack | ||
| 082 | 0 | 4 |
_a577.698 _bS21d |
| 100 | 1 | _aSánchez Páez, Heliodoro | |
| 245 | 1 | 0 |
_aDiagnóstico y zonificación preliminar de los manglares del Pacífico de Colombia / _cpor Heliodoro Sánchez-Páez y (otros seis autores). |
| 260 |
_aBogotá : _bRepública de Colombia, Ministerio del Medio Ambiente, Dirección General Forestal y de Vida Silvestre, _c1997 |
||
| 300 |
_a343 páginas : _bilustraciones, mapas, gráficos ; _c28 x 22 cm. |
||
| 650 | 1 | 4 |
_aEcologóia de manglares _zColombia |
| 650 | 2 | 4 | _aFauna de manglares |
| 650 | 2 | 4 | _aManglares |
| 700 | 1 | _aAlvarez-Léon, Ricardo. | |
| 710 | 2 |
_aColombia. _bDirección General Forestal y de Vida Silvestre. |
|
| 942 |
_2ddc _cLIBRO _01 |
||
| 999 |
_c572 _d572 |
||